| 000 -LEADER |
| fixed length control field |
00722cam a2200229 a 4500 |
| 001 - CONTROL NUMBER |
| control field |
14384 |
| 003 - CONTROL NUMBER IDENTIFIER |
| control field |
BD-DhUAP |
| 005 - DATE AND TIME OF LATEST TRANSACTION |
| control field |
20210103123002.0 |
| 008 - FIXED-LENGTH DATA ELEMENTS--GENERAL INFORMATION |
| fixed length control field |
200204t20041996bg l 000 0 eng d |
| 020 ## - INTERNATIONAL STANDARD BOOK NUMBER |
| International Standard Book Number |
9848173048 |
| 040 ## - CATALOGING SOURCE |
| Original cataloging agency |
DLC |
| Transcribing agency |
BD-DhUAP |
| Language of cataloging |
Eng |
| Modifying agency |
BD-DhUAP |
| 082 00 - DEWEY DECIMAL CLASSIFICATION NUMBER |
| Classification number |
344.549204602632 FAR |
| Edition number |
23 |
| 100 ## - MAIN ENTRY--PERSONAL NAME |
| Personal name |
Farooque, Mohiuddin. |
| 245 10 - TITLE STATEMENT |
| Title |
Laws regulating environment in Bangladesh / |
| Statement of responsibility, etc. |
Mohiuddin Farooque and S. Rizwana Hasan. |
| 250 ## - EDITION STATEMENT |
| Edition statement |
2nd ed. |
| 260 ## - PUBLICATION, DISTRIBUTION, ETC. |
| Place of publication, distribution, etc. |
Dhaka : |
| Name of publisher, distributor, etc. |
Bangladesh Environmental Lawyers Association : |
| Date of publication, distribution, etc. |
c1996 [2004]. |
| 300 ## - PHYSICAL DESCRIPTION |
| Extent |
xxiv, 928 pages ; |
| Dimensions |
22 cm. |
| 546 ## - LANGUAGE NOTE |
| Language note |
Bengali and English. |
| 650 #0 - SUBJECT ADDED ENTRY--TOPICAL TERM |
| Topical term or geographic name entry element |
Environmental law |
| Geographic subdivision |
Bangladesh. |
| 700 1# - ADDED ENTRY--PERSONAL NAME |
| Personal name |
Hasan, S. Rizwana. |
| 942 ## - ADDED ENTRY ELEMENTS (KOHA) |
| Source of classification or shelving scheme |
|
| Koha item type |
Book |